|
|
|
|
| LEADER |
00000nam0a2200000 4500 |
| 001 |
310980 |
| 005 |
20231102002336.0 |
| 035 |
|
|
|a (RuTPU)RU\TPU\book\336335
|
| 090 |
|
|
|a 310980
|
| 100 |
|
|
|a 20151201d1980 m y0rusy50 ca
|
| 101 |
0 |
|
|a rus
|
| 102 |
|
|
|a RU
|
| 105 |
|
|
|a y z 001zy
|
| 200 |
1 |
|
|a Учусь читать, размышлять, выступать
|f под ред. Г. В. Платонова
|
| 210 |
|
|
|a Москва
|c Молодая гвардия
|d 1980
|
| 215 |
|
|
|a 208 с.
|
| 320 |
|
|
|a Библиогр.: с. 206-207
|
| 606 |
1 |
|
|a Самообразование
|2 stltpush
|3 (RuTPU)RU\TPU\subj\53752
|9 71919
|
| 610 |
1 |
|
|a книжная культура
|
| 610 |
1 |
|
|a чтение
|
| 610 |
1 |
|
|a выступления
|
| 610 |
1 |
|
|a рассуждения
|
| 610 |
1 |
|
|a убеждения
|
| 610 |
1 |
|
|a общественно-политическая литература
|
| 610 |
1 |
|
|a анализ
|
| 610 |
1 |
|
|a публичная речь
|
| 686 |
|
|
|a Ч44
|v LBC/SL-A
|2 rubbk
|
| 702 |
|
1 |
|a Платонов
|b Г. В.
|4 340
|
| 801 |
|
1 |
|a RU
|b 63413507
|c 20151201
|
| 801 |
|
2 |
|a RU
|b 63413507
|c 20170622
|g RCR
|
| 942 |
|
|
|c BK
|